| 000 | 00616nam a22002177a 4500 | ||
|---|---|---|---|
| 003 | URS | ||
| 005 | 20250828100505.0 | ||
| 008 | 250407b ||||| |||| 00| 0 eng d | ||
| 020 | _a9718675000 | ||
| 040 | _cURS | ||
| 050 |
_aLB1028.8 _b.D37 1990 |
||
| 100 | 1 | _aDatu,Galicano J. | |
| 245 | _aMaterial resource management | ||
| 264 |
_aMandaluyong, Metro Manila _bSpectrum Pubishing _c©1990 |
||
| 300 |
_a282 pages _billustrations ; _c25 cm. |
||
| 336 |
_2rdacontent _atext |
||
| 337 |
_2rdamedia _aunmediated |
||
| 338 |
_2rdacarrier _avolume |
||
| 650 | 0 |
_aResource program (Education) _912155 |
|
| 942 |
_cF _2lcc |
||
| 999 |
_c84920 _d84918 |
||